<?xml version="1.0" encoding="UTF-8"?>
<record
    xmlns:xsi="http://www.w3.org/2001/XMLSchema-instance"
    xsi:schemaLocation="http://www.loc.gov/MARC21/slim http://www.loc.gov/standards/marcxml/schema/MARC21slim.xsd"
    xmlns="http://www.loc.gov/MARC21/slim">

  <leader>00573nam a2200169Ia 4500</leader>
  <controlfield tag="008">230718s9999    xx            000 0 und d</controlfield>
  <datafield tag="020" ind1=" " ind2=" ">
    <subfield code="a">9789352137565</subfield>
  </datafield>
  <datafield tag="041" ind1=" " ind2=" ">
    <subfield code="a">eng</subfield>
  </datafield>
  <datafield tag="082" ind1=" " ind2=" ">
    <subfield code="a">658.050</subfield>
    <subfield code="b">STI</subfield>
  </datafield>
  <datafield tag="100" ind1=" " ind2=" ">
    <subfield code="a">Stickdorn M. (Editor)</subfield>
    <subfield code="9">201422</subfield>
  </datafield>
  <datafield tag="245" ind1=" " ind2=" ">
    <subfield code="a">This Is Service Design Methods</subfield>
    <subfield code="b">Expanded Service Design Thinking Methods For Real Projects</subfield>
  </datafield>
  <datafield tag="260" ind1=" " ind2=" ">
    <subfield code="c">2018</subfield>
    <subfield code="b">SPD / O'reilly</subfield>
  </datafield>
  <datafield tag="300" ind1=" " ind2=" ">
    <subfield code="a">233</subfield>
  </datafield>
  <datafield tag="365" ind1=" " ind2=" ">
    <subfield code="c">Rs.</subfield>
    <subfield code="b">700.00</subfield>
  </datafield>
  <datafield tag="700" ind1=" " ind2=" ">
    <subfield code="a">Stickdorn M. (Editor); Lawrence A.; Hormess M. &amp; Schnider J.</subfield>
    <subfield code="9">201423</subfield>
  </datafield>
  <datafield tag="906" ind1=" " ind2=" ">
    <subfield code="d">O:0632218-Jan-2019B:490701-Jan-2019</subfield>
    <subfield code="c">TC</subfield>
    <subfield code="b">154</subfield>
  </datafield>
  <datafield tag="999" ind1=" " ind2=" ">
    <subfield code="c">349268</subfield>
    <subfield code="d">349268</subfield>
  </datafield>
  <datafield tag="952" ind1=" " ind2=" ">
    <subfield code="0">0</subfield>
    <subfield code="1">0</subfield>
    <subfield code="4">0</subfield>
    <subfield code="7">0</subfield>
    <subfield code="a">CCEP</subfield>
    <subfield code="b">CCEP</subfield>
    <subfield code="d">2019-01-18</subfield>
    <subfield code="e">Technical Book Services</subfield>
    <subfield code="f">TC</subfield>
    <subfield code="g">546.00</subfield>
    <subfield code="i">4907</subfield>
    <subfield code="l">0</subfield>
    <subfield code="o">658.050</subfield>
    <subfield code="p">CCEP-BK-60475</subfield>
    <subfield code="r">2023-07-18 00:00:00</subfield>
    <subfield code="t">154</subfield>
    <subfield code="v">700.00</subfield>
    <subfield code="w">2019-01-01</subfield>
    <subfield code="y">BK</subfield>
    <subfield code="z">060475</subfield>
  </datafield>
</record>
